Internetová aplikácia genetických algoritmov

Gespeichert in:
Bibliographische Detailangaben
1. Verfasser: Susedík, Jakub, 1987- (Verfasst von)
Weitere Verfasser: Kajan, Slavomír, 1972- (Betreuung Doktorarbeit)
Format: Manuskript Buch
Sprache:Slowakisch
Veröffentlicht: Bratislava : STU v Bratislave FEI, 2013
Schlagworte:
Online-Zugang:VAIS
Tags: Tag hinzufügen
Keine Tags, Fügen Sie das erste Tag hinzu!

MARC

LEADER 00000ntm a22000003a 4500
001 stu270413
005 20150617230230.1
008 130709s2013----xo------------------slo-d
040 |a STU  |b slo 
041 0 |a slo 
044 |a xo 
100 1 |a Susedík, Jakub,  |d 1987-  |4 aut  |u I  |T FIIT Fakulta informatiky a informačných technológií  |X 36561  |U I  |Y 70  |7 A000036561 
242 0 0 |a Internet application of genetic algorithms  |y eng 
245 1 |a Internetová aplikácia genetických algoritmov 
260 |a Bratislava :  |b STU v Bratislave FEI,  |c 2013 
300 |a 65 s  |c príl. 
650 7 |a Aplikovaná informatika  |2 stusub 
650 7 |a Applied Infromatics  |2 estusub 
650 7 |a optimalization  |2 estusub 
650 7 |a genetic algorithm  |2 estusub 
650 7 |a optimalizácia  |2 stusub 
700 1 |a Kajan, Slavomír,  |d 1972-  |4 ths  |u E010  |T FEI Ústav riadenia a priemyselnej informatiky  |X 4240  |U E010  |Y E010  |7 A000004240 
856 4 |a info a plný text  |u http://is.stuba.sk/zp/portal_zp.pl?podrobnosti=92302  |3 VAIS 
996 |b 284EP10671  |c E*DIPL-10671  |l EE23  |s P  |a 0  |w stu270413_0001